| 000 | 00681nam a22001937a 4500 | ||
|---|---|---|---|
| 003 | LC | ||
| 005 | 20170221114119.0 | ||
| 008 | 170221b xxu||||| |||| 00| 0 eng d | ||
| 020 | _a9781119124269 | ||
| 050 | _aPE 1408.ELA11 P297.TRB 2015 | ||
| 245 |
_aPaths to College and Career English language arts _bUsing narrative techniques to craft fiction writing Teacher Resource Book |
||
| 260 |
_aSan Francisco, CA _bJossey-Bass, _c2015 |
||
| 300 | _axvii, 124 pages | ||
| 440 | _aPaths to College and Career | ||
| 505 | _a-On the rainy river -The red convertible -The Awakening | ||
| 650 |
_aEnglish language _xStudy and teaching |
||
| 710 | _aPCG Education | ||
| 942 |
_2lcc _cBK |
||
| 999 |
_c306704 _d306704 |
||